|
|
|
|
| LEADER |
01624nam a2200361 4500 |
| 001 |
ocn668397907 |
| 003 |
OCoLC |
| 005 |
20180501121934.0 |
| 006 |
m o d |
| 007 |
cr |n||||||||| |
| 008 |
100205s2010 enk ob 001 0 eng d |
| 040 |
|
|
|a MERUC
|b eng
|e pn
|c MERUC
|d CDX
|d OCLCQ
|d OPELS
|d OCLCQ
|d OCLCF
|d OCLCQ
|d GrThAP
|
| 020 |
|
|
|a 9780123810236
|q (electronic bk.)
|
| 020 |
|
|
|a 012381023X
|q (electronic bk.)
|
| 024 |
8 |
|
|a 9786612755712
|
| 035 |
|
|
|a (OCoLC)668397907
|
| 050 |
|
4 |
|a S405
|
| 082 |
0 |
4 |
|a 630
|2 22
|
| 049 |
|
|
|a TEFA
|
| 245 |
0 |
0 |
|a Advances in agronomy.
|n Vol. 105.
|
| 260 |
|
|
|a London :
|b Academic,
|c 2010.
|
| 300 |
|
|
|a 1 online resource.
|
| 336 |
|
|
|a text
|b txt
|2 rdacontent
|
| 337 |
|
|
|a computer
|b c
|2 rdamedia
|
| 338 |
|
|
|a online resource
|b cr
|2 rdacarrier
|
| 504 |
|
|
|a Includes bibliographical references and index.
|
| 588 |
0 |
|
|a Print version record.
|
| 520 |
|
|
|a Advances in Agronomy continues to be recognized as a leading reference and a first-rate source for the latest research in agronomy. As always, the subjects covered are varied and exemplary of the myriad of subject matter dealt with by this long-running serial. * Maintains the highest impact factor among serial publications in agriculture * Presents timely reviews on important agronomy issues * Enjoys a long-standing reputation for excellence in the field.
|
| 650 |
|
0 |
|a Agronomy.
|
| 650 |
|
7 |
|a Agronomy.
|2 fast
|0 (OCoLC)fst00801886
|
| 655 |
|
4 |
|a Electronic books.
|
| 776 |
0 |
8 |
|i Print version:
|z 9780123810236
|w (OCoLC)506248599
|
| 856 |
4 |
0 |
|u https://www.sciencedirect.com/science/bookseries/00652113/105
|z Full Text via HEAL-Link
|